| 000 | 00352nam a22001457a 4500 | ||
|---|---|---|---|
| 003 | SGT | ||
| 020 | _a938426647-7 | ||
| 082 |
_a615.19 _bGOY |
||
| 100 | _aGOYAL, ANJALI | ||
| 245 | _aA TEXTBOOK OF PHARMACEUTICAL ORGANIC CHEMISTRY -I | ||
| 260 |
_aINDIA _bBIRLA PUB. _c2027 |
||
| 300 | _a188 | ||
| 650 | _aPHARMACEUTICAL CHEMISTRY | ||
| 942 |
_2ddc _cBK |
||
| 999 |
_c33067 _d33067 |
||